Responses for show #2636 - Monday, February 5, 1996

Contestants

[<< previous game]

Michael Kremer, a high school drama teacher from La Verne, California

Don Richardson, a software engineer from Haymarket, Virginia

Jana Jones, a prepress technician from Austin, Texas

[next game >>]

Jeopardy! Round responses

AMERICAN HISTORY
CLASSIC TELEVISION
ANNUAL EVENTS
GEMS & JEWELRY
AROUND THE WORLD
THE 6 SIMPLE MACHINES
    $100 2
Montana

Jana
    $100 1
The Beverly Hillbillies

Don
    $100 11
Halloween

Jana
    $100 26
Tiffany

Don
    $100 16
Ireland

Michael
    $100 12
the pulley

Jana
    $200 7
Alaska

Jana
    $200 3
The Odd Couple

Jana
    $200 22
Oklahoma

Jana
    $200 27
(Michael: What is art deco?)

art nouveau

Michael
Triple Stumper
    $200 17
Montreal

Don
    $200 13
an inclined plane

Don
    $300 8
Colorado

Don
    $300 4
The Avengers

Jana
    $300 23
calligraphy

Jana
    $300 28
amethyst

Michael
    $300 18
London

Don
    $300 14
(Michael: What is a lever?)

a wedge

DonMichael
    $400 9
Sam Houston

Don
    $400 5
Rawhide

Jana
    $400 24
Rosh Hashanah

Don
    $400 29
an emerald

Don
    $800 19
the Indian Ocean

Don
    $400 15
an axle

Triple Stumper
    $500 10
the Mississippi

Don
    $500 6
Lost in Space

Don
    $500 25
October

Michael
    $500 30
(Jana: What is a sapphire?)

the topaz

Jana
Triple Stumper
    $500 20
Chile

Don
    $500 21
a screw

Don

Scores at the first commercial break (after clue 15):

Jana Don Michael
$1,400 $2,300 -$300

Scores at the end of the Jeopardy! Round:

Jana Don Michael
$1,400 $5,500 $400

Double Jeopardy! Round responses

THE OLD TESTAMENT
SPORTS
AUSTRALIA
POTENT POTABLES
HISTORIC WOMEN
LITERARY TITLE PAIRS
    $200 6
(Jana: Who is Noah?)

Adam

JanaMichael
    $200 1
(Jana: Who is Al, uh, Evander Holyfield?)
...
(Alex: Who is one of my heroes, [*], a hero because he's still fighting at an advanced age for boxers.)

George Foreman

Jana
Triple Stumper
    $200 11
the eucalyptus

Michael
    $200 14
brandy

Jana
    $200 15
Annie Oakley

Jana
    $200 26
Crime and Punishment

Don
    $400 7
Moses

Michael
    $400 2
(Jana: What is pole vault?)

the long jump

JanaMichael
    $400 12
Canberra

Don
    $400 22
gin

Don
    $400 16
Catherine the Great

Michael
    $400 27
"The Owl and the Pussy-cat"

Don
    $600 8
Abraham

Michael
    $600 3
UCLA

Don
    $1,500 13
the Great Barrier Reef

Don
    $600 23
Sicily

Michael
    $600 17
(Jana: Who is Clara Barton?)

Florence Nightingale

JanaMichael
    $600 28
Androcles and the Lion

Michael
    $800 9
Daniel

Jana
    $800 4
(Jana: Who is Yogi Berra?)
...
(Alex: Yes, Yogi Berra was a Yankee.)

Roy Campanella

JanaMichael
    $800 20
convicts

Michael
    $800 24
(Don: What is Anisette?)
(Michael: What is "oohzoo"?)
(Alex: [*].)

ouzo

DonMichael
    $800 18
(Juliette Gordon) Low

Don
    $800 29
The Moon and Sixpence

Triple Stumper
    $1000 10
Rachel

Michael
    $1000 5
Shirley Muldowney

Michael
    $1000 21
Tasmania

Michael
    $1000 25
Denmark

Don
    $1000 19
(Frances) Perkins

Don
    $2,000 30
(Michael: What is [*]?)
(Alex: Yes.)
(Michael: What is... I...)
(Alex: It's the tougher of the two, [**].)

Pride and Prejudice & Sense and Sensibility

Michael

Scores at the end of the Double Jeopardy! Round:

Jana Don Michael
$400 $11,000 $7,800

[wagering suggestions for these scores]

Final Jeopardy! Round responses

20th CENTURY COMPOSERS
(Alex: [To Jana] [*], for The Saint of Bleecker Street, that is the opera.)
JanaWho is Menotti
$400
MichaelWho is Bernstei
$6,999
DonWho is Menotti?
$4,700
(Gian Carlo) Menotti

Final scores:

Jana Don Michael
$800 $15,700 $801
3rd place: Braun 5-in-1 food preparation center + Jeopardy! home game & GameTek Jeopardy! New champion: $15,700 2nd place: Bush home theater & RCA 27" TV + Jeopardy! home game & GameTek Jeopardy!

Game dynamics:

Coryat scores:

Jana Don Michael
$400 $9,700 $9,800
12 R,
6 W
24 R
(including 2 DDs),
1 W
18 R,
3 W
(including 1 DD)

Combined Coryat: $19,900

The J! Archive is created by fans, for fans. The Jeopardy! game show and all elements thereof, including but not limited to copyright and trademark thereto, are the property of Jeopardy Productions, Inc. and are protected under law. This website is not affiliated with, sponsored by, or operated by Jeopardy Productions, Inc. Join the discussion at JBoard.tv.